000 00485pab a2200181 454500
008 180718b2008 xxu||||| |||| 00| 0 eng d
100 _aNazir, Nazir A.
245 _aValidation of dension's model of organisational culture and effectiveness in the Indian context
260 _c2008
300 _ap.49-58.
362 _aJan-Mar
650 _aOrganizations - India
650 _aOrganizations
700 _aLone, Mushtaq A.
773 _aVision
908 _aN
909 _a78236
999 _c78236
_d78236